000 00491nam a22001817a 4500
003 CEME
005 20210628205847.0
008 210317b xxu||||| |||| 00| 0 eng d
020 _a0-13-120388-X
040 _c.
082 _a621-MEC AUS
100 _aKempf, Carl.J Auslander, David.M
_977289
245 _aMechatronics; mchanical system interfacing
260 _aNEW JERSEY
_bPRENTICE HALL
_c1996
300 _aXI,243P
650 _aMECHATRONICS ENGINEERING
_977290
942 _cBK
_2ddc
999 _c582586
_d582586